Islam and sustainable development : (Record no. 18222)
[ view plain ]
| 000 -LEADER | |
|---|---|
| fixed length control field | 01013cam a2200289 a 4500 |
| 001 - CONTROL NUMBER | |
| control field | 17055872 |
| 005 - DATE AND TIME OF LATEST TRANSACTION | |
| control field | 20140413134632.0 |
| 008 - FIXED-LENGTH DATA ELEMENTS--GENERAL INFORMATION | |
| fixed length control field | 111123s2012 xxkak frb 001 0 eng d |
| 010 ## - LIBRARY OF CONGRESS CONTROL NUMBER | |
| LC control number | 2011048047 |
| 020 ## - INTERNATIONAL STANDARD BOOK NUMBER | |
| International Standard Book Number | 9781409429012 (hardback : alk. paper) |
| 020 ## - INTERNATIONAL STANDARD BOOK NUMBER | |
| International Standard Book Number | 9781409429029 (ebook) |
| 040 ## - CATALOGING SOURCE | |
| Original cataloging agency | DLC |
| Transcribing agency | DLC |
| 082 04 - DEWEY DECIMAL CLASSIFICATION NUMBER | |
| Classification number | 297.19785 |
| Edition number | 22 |
| Item number | ALJ |
| 100 1# - MAIN ENTRY--PERSONAL NAME | |
| Personal name | Al-Jayyousi, Odeh Rashed |
| 9 (RLIN) | 35914 |
| 245 10 - TITLE STATEMENT | |
| Title | Islam and sustainable development : |
| Remainder of title | new worldviews / |
| Statement of responsibility, etc | Odeh Rashed Al-Jayyousi. |
| 260 ## - PUBLICATION, DISTRIBUTION, ETC. (IMPRINT) | |
| Place of publication, distribution, etc | Farnham, United Kingdom ; |
| -- | Burlington, United States : |
| Name of publisher, distributor, etc | Gower, |
| Date of publication, distribution, etc | 2012 |
| Manufacturer | (MPG Books Group) |
| 300 ## - PHYSICAL DESCRIPTION | |
| Extent | 202 p. : |
| Other physical details | forms, tables ; |
| Dimensions | 26 cm. |
| 490 0# - Series Statement | |
| Series statement | Transformation and innovation series |
| 500 ## - GENERAL NOTE | |
| General note | Index : p. 197-202. |
| 504 ## - BIBLIOGRAPHY, ETC. NOTE | |
| Bibliography, etc | Includes bibliographical references. |
| 650 #0 - SUBJECT ADDED ENTRY--TOPICAL TERM | |
| Topical term or geographic name as entry element | Islam |
| General subdivision | Economic aspects |
| 9 (RLIN) | 35915 |
| 650 #0 - SUBJECT ADDED ENTRY--TOPICAL TERM | |
| Topical term or geographic name as entry element | Islam |
| General subdivision | Social aspects |
| 650 #0 - SUBJECT ADDED ENTRY--TOPICAL TERM | |
| Topical term or geographic name as entry element | Sustainable development |
| 9 (RLIN) | 3569 |
| 653 ## - INDEX TERM--UNCONTROLLED | |
| Resource For college | BAEPS, Business Administration |
| Arrived date list | April2014 |
| 655 ## - INDEX TERM--GENRE/FORM | |
| Form subdivision | |
| -- | 34232 |
| 942 ## - ADDED ENTRY ELEMENTS (KOHA) | |
| Source of classification or shelving scheme | Dewey Decimal Classification |
| Call number prefix | 297.19785 ALJ |
| Withdrawn status | Item status | Source of classification or shelving scheme | Damaged status | Not for loan | Vendor | Home library | Current library | Shelving location | Date acquired | Source of acquisition | Cost, normal purchase price | Total Checkouts | Total Renewals | Full call number | Barcode | Date last seen | Date last borrowed | Cost, replacement price | Koha item type |
|---|---|---|---|---|---|---|---|---|---|---|---|---|---|---|---|---|---|---|---|
| Dewey Decimal Classification | Baccah | Central Library | Central Library | Lower Floor | 13/04/2014 | 820.00 | 3 | 6 | 297.19785 ALJ | 000035882 | 15/07/2025 | 06/12/2023 | 1025.00 | Book - Borrowing |